Evaluation of crumb rubber as a replacement for fine aggregate in hot mix asphalt concrete (Record no. 45599)

000 -LEADER
fixed length control field 00566nam a22001937a 4500
001 - CONTROL NUMBER
control field 45599
003 - CONTROL NUMBER IDENTIFIER
control field BD-DhUET
008 - FIXED-LENGTH DATA ELEMENTS--GENERAL INFORMATION
fixed length control field 250802b xxu||||| |||| 00| 0 eng d
040 ## - CATALOGING SOURCE
Transcribing agency 0
Modifying agency BD-DhUET
082 ## - DEWEY DECIMAL CLASSIFICATION NUMBER
Classification number 625.85
Item number SAI/2025
100 ## - MAIN ENTRY--PERSONAL NAME
Personal name Saiful Islam
245 ## - TITLE STATEMENT
Title Evaluation of crumb rubber as a replacement for fine aggregate in hot mix asphalt concrete
260 ## - PUBLICATION, DISTRIBUTION, ETC. (IMPRINT)
Place of publication, distribution, etc. Dhaka
Name of publisher, distributor, etc. Department of Civil Engineering, BUET
Date of publication, distribution, etc. 2025
300 ## - PHYSICAL DESCRIPTION
Extent xiii,101p.
501 ## - WITH NOTE
With note One CD-ROM
504 ## - BIBLIOGRAPHY, ETC. NOTE
Bibliography, etc Includes bibliographies
650 #0 - SUBJECT ADDED ENTRY--TOPICAL TERM
Topical term or geographic name as entry element Asphalt emulsion mixtures
942 ## - ADDED ENTRY ELEMENTS (KOHA)
Koha item type Thesis
Holdings
Shelving location Not for loan Koha full call number Koha normalized classification for sorting Koha item type Location (home branch) Piece designation (barcode) Source of classification or shelving scheme Damaged status Withdrawn status Sublocation or collection (holding branch) Lost status Price effective from Koha date last seen Date acquired
Reference section 625.85/SAI/2025625_850000000000000_SAI_2025ThesisCentral Library, BUET120961   Central Library, BUET 2026-02-162026-02-162026-02-01